Catálogo
 En Linea

Hacia el jubileo del año 2000 : (Registro nro. 31550)

Detalles MARC
000 -CABECERA
campo de control de longitud fija 00757nam a2200169 a 4500
001 - NÚMERO DE CONTROL
campo de control 000032059
005 - FECHA Y HORA DE LA ÚLTIMA TRANSACCIÓN
campo de control 20200930063408.0
008 - DATOS DE LONGITUD FIJA--INFORMACIÓN GENERAL
campo de control de longitud fija 110712s1996 dr 000 0 spa d
040 ## - FUENTE DE LA CATALOGACIÓN
Centro catalogador/agencia de origen DO-SdBNP
Lengua de catalogación spa
Centro/agencia transcriptor BNPHU
082 ## - NÚMERO DE LA CLASIFICACIÓN DECIMAL DEWEY
Número de clasificación xxxx
Número de documento/Ítem P699h
049 ## - FONDOS LOCALES (OCLC)
Fondos de biblioteca BNPD
111 1# - ENTRADA PRINCIPAL--NOMBRE DE CONGRESO/REUNIÓN
Nombre de congreso/reunión o jurisdicción como elemento de entrada Iglesia Católica.
Número [OBSOLETO] Plan Nacional de Pastoral
Número del congreso/reunión o número de parte o sección (2do. :
Fecha del congreso/reunión 1996
Sede del congreso/Lugar de la reunión Santo Domingo)
9 (RLIN) 58184
245 10 - MENCIÓN DE TÍTULO
Título Hacia el jubileo del año 2000 :
Resto del título 1997: Jesucristo, 1998: el espiritu santo 1999: Dios padre.
260 ## - PUBLICACIÓN, DISTRIBUCIÓN, ETC.
Lugar de publicación, distribución, etc. [Santo Domingo] :
Nombre del editor, distribuidor, etc. Instituto Nacional de Pastoral, Comisión Episcopal de Pastoral Familiar,
Fecha de publicación, distribución, etc. 1996.
300 ## - DESCRIPCIÓN FÍSICA
Extensión 47 p. ;
Dimensiones 22 cm.
500 ## - NOTA GENERAL
Nota general En la cubierta del libro: familia cristiana dominicana préparate para el gran jubileo del nacimiento de nuestro salvador y evangelizador
Existencias
Estado de retiro Estado de pérdida No para préstamo Código de colección Localización permanente Ubicación/localización actual Ubicación en estantería Fecha de adquisición Número de inventario Total de préstamos Signatura topográfica completa Código de barras Fecha visto por última vez Número de copia Precio válido a partir de Tipo de ítem Koha
    Excluido de préstamo Dominicana de Servicio General General En catalogación 12.07.2011 LF1   xxxx P699h 32059-30 25.06.2020 e. 3 25.06.2020 Libro y Folleto Colección Dominicana de Servicio
    Excluido de préstamo Patrimonio Dominicano Patrimonio Dominicano Patrimonio Dominicano En catalogación 12.07.2011 LF1   xxxx P699h 32059-10 25.06.2020   25.06.2020 Libro y Folleto Colección Patrimonio Dominicano
    Excluido de préstamo Patrimonio Dominicano Patrimonio Dominicano Patrimonio Dominicano En catalogación 12.07.2011 LF1   xxxx P699h 32059-20 25.06.2020 e. 2 25.06.2020 Libro y Folleto Colección Patrimonio Dominicano

Con tecnología Koha